La psicofisiología humana /

Guardado en:
Autor Principal: Delay, Jean
Formato: Libro
Publicado: Buenos Aires : Paidos, 1956
Edición:5a. ed.
Etiquetas: Agregar Etiqueta
Sin Etiquetas, Sea el primero en etiquetar este registro!
LEADER 00409nam a22001575a 4500
001 CEM.cems002035
005 20060215000000.0
008 130507s1956##################000#0#####d
003 CEMS
082 0 4 |a 131 
100 1 |a Delay, Jean 
245 1 0 |a La psicofisiología humana / 
250 |a 5a. ed. 
260 |a Buenos Aires :  |b Paidos,  |c 1956 
300 |a 110 p. 
859 |a CEMS  |b BIB. CEMS - 11 de abril  |h 131  |i D376  |p 300.73  |t Ej.1